000 00282nam a22001217a 4500
008 171207b xxu||||| |||| 00| 0 eng d
041 _aeng
080 _a347.67
100 _a26
101 _aJUR
245 _aRESTATEMENT OF THE LAW
_cTHE AMERICAN LAW INSTITUTE
942 _2udc
_cBK
999 _c38808
_d38808